|
|
|
|
| LEADER |
01032nam#a2200289#a#4500 |
| 001 |
013945 |
| 005 |
20160721152559.0 |
| 008 |
991120s1989####sp##################spa#d |
| 020 |
|
|
|a 8423956326
|
| 040 |
|
|
|a AR-beUNQ
|
| 099 |
|
|
|a 00-C25
|
| 245 |
0 |
0 |
|a Vocabulario básico en la EGB
|c María Antonia Casanova Rodríguez. ; Melitina Rivera González.
|
| 260 |
|
|
|a Madrid :
|b Ministerio de Educación y CienciaEspasa-Calpe,
|c 1989
|
| 650 |
|
7 |
|a TERMINOLOGIA
|2 Spines
|
| 650 |
|
7 |
|a DICCIONARIOS
|2 Spines
|
| 650 |
|
7 |
|a SEMANTICA
|2 Spines
|
| 650 |
|
7 |
|a LINGUISTICA
|2 Spines
|
| 650 |
|
7 |
|a MATERIALES DE REFERENCIA
|2 Spines
|
| 650 |
|
7 |
|a ENSEÑANZA PRIMARIA
|2 Spines
|
| 650 |
|
7 |
|a EDUCACION BASICA
|2 Spines
|
| 650 |
|
7 |
|a LENGUA ESPAÑOLA
|2 Spines
|
| 653 |
|
|
|a EDUCACION GENERAL BASICA
|
| 700 |
1 |
|
|a Casanova Rodríguez, María Antonia
|e Coordinador
|4 coord
|
| 929 |
|
|
|a COMPRA
|b Embajada de España en Buenos Aires
|e 19991028
|j 27159
|
| 929 |
|
|
|a COMPRA
|b Embajada de España en Buenos Aires
|e 19991028
|j 27160
|
| 942 |
|
|
|c LIB
|n 0
|
| 999 |
|
|
|c 16317
|d 91704
|